00519nam a2200169Ia 450000500170000000800410001702000150005808200130007310000230008624500220010926000570013130000120018850000300020094200060023095200980023699900150033420250606011323.0240331s9999 xx 000 0 und d a9556520198 bWICa306 aWickramarachchi, S 0aSapalath gahaniya amulleriyawabWijayasooriya grantha kentharaiyac1999 a99 p ., aA boom about cursed women cL 001040708LaWERCLbWERCLcSSCd2024-03-31l0o 306.74 WICp4362r2024-03-31w2024-03-31yL c2182d2182